Statistics for Random African Country Flag to Capital

Click here to take the quiz!

General Stats

  • This quiz has been taken 1,316 times
  • The average score is 7 of 10

Answer Stats

Answer% Correct
Cairo
97%
Rabat
91%
Pretoria / Cape Town / Bloemfontein
90%
Tunis
89%
Algiers
88%
Monrovia
86%
Gitega
85%
Kinshasa
85%
Dodoma
83%
Nairobi
83%
Kampala
81%
Tripoli
78%
Abuja
77%
Addis Ababa
76%
Brazzaville
74%
Lilongwe
74%
Luanda
74%
Djibouti
73%
Juba
72%
Port Louis
71%
Antananarivo
70%
Gaborone
70%
Maputo
70%
São Tomé
70%
Victoria
70%
Lomé
69%
Bangui
68%
Dakar
68%
Mogadishu
68%
Ouagadougou
68%
Bamako
67%
Khartoum
67%
Mbabane
67%
Freetown
66%
Kigali
66%
Maseru
66%
Praia
66%
N'Djamena
65%
Windhoek
65%
Lusaka
63%
Moroni
62%
Yaoundé
60%
Conakry
59%
Yamoussoukro
59%
Niamey
58%
Harare
57%
Accra
55%
Porto-Novo / Cotonou
55%
Bissau
53%
Malabo
53%
Asmara
52%
Libreville
50%
Nouakchott
50%
Banjul
43%

Score Distribution

Percentile by Number Answered

Percent of People with Each Score

Your Score History

You have not taken this quiz